Cestovné náhrady

Zákon č. 283/2002 Z.z. o cestovných náhradách v znení ďalších zákonov ... a zákona č. 14/2015 Z.z. s komentárom. Prehľad súm stravného a základnej náhrady. Cestovné náhrady vo svetle zmien.

Gespeichert in:
Bibliographische Detailangaben
Format: Buchkapitel
Sprache:Slowakisch
Schlagworte:
Tags: Tag hinzufügen
Keine Tags, Fügen Sie das erste Tag hinzu!

MARC

LEADER 00000naa a2200000 4500
001 0205276
005 20231114104210.2
041 0 |a slo 
044 |a SK 
245 1 0 |a Cestovné náhrady 
520 |a Zákon č. 283/2002 Z.z. o cestovných náhradách v znení ďalších zákonov ... a zákona č. 14/2015 Z.z. s komentárom. Prehľad súm stravného a základnej náhrady. Cestovné náhrady vo svetle zmien. 
610 2 0 |a náhrada cestovného 
610 2 0 |a zákony 
610 2 0 |a komentáre 
610 2 0 |a Slovensko 
610 2 0 |a 2002-2015